| 000 | 01126nab a22002537a 4500 | ||
|---|---|---|---|
| 999 |
_c5382 _d5382 |
||
| 003 | OSt | ||
| 005 | 20250306135813.0 | ||
| 008 | 190603e xxum|||| |||| 00| 0 spa d | ||
| 040 | _cPJ | ||
| 100 |
_96413 _aQuaranta Costerg, Juan Pablo |
||
| 245 | 1 | 0 |
_aCambio de nombre. Calificaciones y reenvío / _cJuan Pablo Quaranta Costerg. |
| 260 |
_cCiudad Autónoma de Buenos Aires : _aThomson Reuters La Ley, _b2024. |
||
| 300 | _ap. 45-48 | ||
| 500 | _aCita Online: TR LALEY AR/DOC/1628/2024. | ||
| 505 | _aSumario: I. Introducción.— II. El caso. Los hechos.— III. El dictamen de la SE.JU.CAI.— IV. La sentencia.— V. A modo de colofón. | ||
| 505 | _t¿Te interesa el texto completo? Solicitalo al correo: koha@justierradelfuego.gov.ar | ||
| 650 | 0 |
_9327 _aDERECHO INTERNACIONAL PRIVADO |
|
| 650 | 0 |
_92538 _aNOMBRE |
|
| 650 | 0 |
_95055 _aCAMBIO DE NOMBRE |
|
| 650 | 0 |
_96414 _aPARTIDA DE NACIMIENTO |
|
| 650 | 0 |
_91497 _aCODIGO CIVIL Y COMERCIAL |
|
| 773 | 0 |
_02713 _93170 _dCiudad Autónoma de Buenos Aires : Thomson Reuters La Ley, 2015- _tRevista Código Civil y Comercial. Nº 4 - Agosto 2024 |
|
| 942 |
_2udc _cANA |
||